00405nam a2200157Ia 4500008004100000020001800041041000800059082001800067100001300085245004300098260003500141300000900176500001700185650002800202700001700230220803s9999 xx 000 0 und d a3-8228-0550-5 aeng a720.9 GOS/LEU aGossel P aArchitecture In The Twentieth Century. aBerlinbBenedikt Taschenc1991 a432p aArchitecture aHistory Of Architecture aLeuthauser G